01528nam a2200277 a 4500008004100000020001800041050001600059100002000075245014600095260004900241300002000290490004900310500005100359650002200410650003600432650002000468700001900488700002400507995010200531995010200633995010200735999001700837952013200854952013200986952013201118211122s2011 ||||||||||||||||| || u a9780566089817 aHV 6768 Cri aBurke, Ronald J10aCrime and corruption in organizations : why it occurs and what to do about itcEdited by Ronald J. Burke; Edward C. Tomlinson; Cary L. Cooper aBurlingtonbAshgate Publishing Limitedc2011 axvii, 361 pages aPsychological and behavioral aspects of risk aIncludes bibliographical references and index. 0aCOMMERCIAL CRIMES aCORPORATIONS--CORRUPT PRACTICES aBUSINESS ETHICS aCooper, Cary L aTomlinson, Edward C FCBU-MAIN LIBRARY (Kitwe)I175.00M3UAVAILABLEWNov 22, 2021ZMain Library Open Access Collection FCBU-MAIN LIBRARY (Kitwe)I175.00M2UAVAILABLEWNov 22, 2021ZMain Library Open Access Collection FCBU-MAIN LIBRARY (Kitwe)I175.00M1UAVAILABLEWNov 22, 2021ZMain Library Open Access Collection c62612d62612 00102lcc4070a001b001cMain Library Open Access Collectiond2022-12-15l0oHV 6768 Crip751146r2022-12-15w2022-12-15y002 00102lcc4070a001b001cMain Library Open Access Collectiond2022-12-15l0oHV 6768 Crip751145r2022-12-15w2022-12-15y002 00102lcc4070a001b001cMain Library Open Access Collectiond2022-12-15l0oHV 6768 Crip751144r2022-12-15w2022-12-15y002